000 00405cam a22001337a 4500
008 180718b1956 xxu||||| |||| 00| 0 eng d
082 _aK1x54 M691
100 _aMisra, A.S.
245 _aGovernment servants' companion
_cby A.S. Misra
260 _aLucknow
_bSuprintendent, Printing & Stationery
_c1956
300 _a465p.
500 _aRs.3.87
650 _aPersonnel management -- Public relations - India
999 _c480600
_d480600